000 01052nam a2200241 i 4500
001 102940
003 ES-MaACL
005 20250809063513.0
007 t|
008 051221s2004 sp ||||1| spa d
080 _a35(460.33).071.55(091)
080 _a35(460.288).071.55(091)
100 1 _aVilar, Juan Bautista,
_d1941-2018
_9114797
245 1 4 _aLas provincias de Albacete y Murcia en las rectificaciones de límites y en los procesos de reordenación territorial posteriores a la división provincial de Javier de Burgos (siglos XIX y XX) /
_cJuan Bautista Vilar Martínez.
260 _aAlbacete :
_bInstituto de Estudios Albacetenses "Don Juan Manuel",
_c2004.
300 _ap. 383-389 ;
_c31 cm.
500 _aSeparata del Homenaje a Miguel Rodríguez Llopis.
651 4 _aMurcia-
_xDivisiones territoriales-
_vHistoria.
_99093
651 4 _aAlbacete-
_xDivisiones territoriales-
_vHistoria.
_97622
710 2 _aInstituto de Estudios Albacetenses.
_94884
852 _aES-MaACL
_j2198-F-16
_bR.137048
999 _c102940
_d102940